Obytný komplex Viikki, Helsinky
Salvato in:
| Autore principale: | |
|---|---|
| Altri autori: | |
| Natura: | Manoscritto Libro |
| Lingua: | slovacco |
| Pubblicazione: |
2024
|
| Soggetti: | |
| Accesso online: | http://is.stuba.sk/zp/portal_zp.pl?podrobnosti=170345 |
| Tags: |
Nessun Tag, puoi essere il primo ad aggiungerne!!
|
MARC
| LEADER | 00000ntm a22000003a 4500 | ||
|---|---|---|---|
| 001 | stuzp99293 | ||
| 003 | SK-STU | ||
| 005 | 20240608213004.8 | ||
| 007 | ta | ||
| 008 | 150427s2015----xo-----f-mn---000-0-slo-d | ||
| 040 | |a STU |b slo | ||
| 041 | 0 | |a slo | |
| 100 | 1 | |a Jančovič, Lukáš |u 051110 |4 aut |U FAD Fakulta architektúry a dizajnu |T FAD Ústav architektúry obytných budov |X 93673 |U A1110 |Y 392 |7 93673 | |
| 242 | 0 | 1 | |a Residential Complex Viikki, Helsinky |y eng |
| 245 | 1 | 0 | |a Obytný komplex Viikki, Helsinky |
| 260 | |c 2024 | ||
| 650 | 4 | |a bývanie pre verejnosť |2 slo | |
| 650 | 4 | |a internát |2 slo | |
| 650 | 4 | |a wellness |2 slo | |
| 650 | 4 | |a kaviareň |2 slo | |
| 650 | 4 | |a škôlka |2 slo | |
| 650 | 4 | |a priestory na prenájom |2 slo | |
| 650 | 4 | |a parkové plochy |2 slo | |
| 650 | 4 | |a plochy aktivít |2 slo | |
| 650 | 4 | |a univerzálne navrhovanie |2 slo | |
| 650 | 4 | |a housing for the public |2 eng | |
| 650 | 4 | |a dormitory |2 eng | |
| 650 | 4 | |a wellness |2 eng | |
| 650 | 4 | |a spaces for rent |2 eng | |
| 650 | 4 | |a park areas |2 eng | |
| 650 | 4 | |a park activities |2 eng | |
| 650 | 4 | |a universal design |2 eng | |
| 650 | 4 | |a cafe |2 eng | |
| 650 | 4 | |a kindergarten |2 eng | |
| 700 | 1 | |a Selcová, Ľubica |u 051110 |k Z1 |4 ths |U FAD Fakulta architektúry a dizajnu |T FAD Ústav architektúry obytných budov |X 4198 |U A1110 |Y 392 |7 A000004198 | |
| 856 | 4 | |u http://is.stuba.sk/zp/portal_zp.pl?podrobnosti=170345 | |